| 000 | 00986nam a2200277Ia 4500 | ||
|---|---|---|---|
| 003 | OSt | ||
| 005 | 20221005103022.0 | ||
| 006 | a|||||r|||| 00| 0 | ||
| 007 | ta | ||
| 008 | 221004b |||||||| |||| 00| 0 hin d | ||
| 020 |
_a9788180310558 (hbk) _c425 |
||
| 024 | _a23202 | ||
| 037 |
_b217, 16/11/2015, Eastern Book Linkers _cTextual |
||
| 040 |
_aCRL _cCRL _bhin |
||
| 041 |
_2hin _ahin |
||
| 082 | _aP152, Q1 | ||
| 100 | _aसोनटक्के, माधव | ||
| 245 | 0 | _aप्रयोजनमूलक हिन्दी | |
| 246 | _aPrayojanamūlak hindī | ||
| 250 | _aसंशोधित संस्करण 2 | ||
| 260 |
_aइलाहाबाद _bलोकभारती प्रकाशन भारत _c2011 |
||
| 300 |
_a359पृ0 _ccm. |
||
| 650 | _aहिन्दी भाषा | ||
| 942 |
_hP152, Q1 _cTEXL _2cc |
||
| 999 |
_c1009302 _d1009302 |
||